Statistics for Oscar for Best Cinematography

Click here to take the quiz!

General Stats

  • This quiz has been taken 125 times
  • The average score is 35 of 119

Answer Stats

YearColour/Black-and-WhiteCinematographerMovie% Correct
1997ColourRussell CarpenterTitanic
79%
2014ColourEmmanuel LubezkiBirdman
78%
2013ColourEmmanuel LubezkiGravity
76%
2015ColourEmmanuel LubezkiThe Revenant
76%
1999ColourConrad L. HallAmerican Beauty
69%
2001ColourAndrew LesnieThe Lord of the Rings: The Fellowship of the Ring
69%
1998ColourJanusz KaminskiSaving Private Ryan
64%
1993ColourJanusz KaminskiSchindler's List
64%
2009ColourMauro FioreAvatar
62%
2016ColourLinus SandgrenLa La Land
60%
2007ColourRobert ElswitThere Will Be Blood
60%
ColourRobert SurteesBen-Hur
59%
1995ColourJohn TollBraveheart
59%
2012ColourClaudio MirandaLife of Pi
59%
1990ColourDean SemlerDances with Wolves
55%
ColourErnest Haller and Ray RennahanGone With the Wind
53%
2002ColourConrad L. HallRoad to Perdition
50%
1996ColourJohn SealeThe English Patient
50%
1985ColourDavid WatkinOut of Africa
47%
2008ColourAnthony Dod MantleSlumdog Millionaire
47%
ColourDaniel L. FappWest Side Story
47%
1982ColourBilly Williams and Ronnie TaylorGandhi
45%
2010ColourWally PfisterInception
43%
ColourFreddie YoungLawrence of Arabia
43%
2006ColourGuillermo NavarroPan's Labyrinth
43%
1979ColourVittorio StoraroApocalypse Now
41%
ColourJoseph RuttenbergGigi
41%
1987ColourVittorio StoraroThe Last Emperor
41%
2011ColourRobert RichardsonHugo
40%
1975ColourJohn AlcottBarry Lyndon
38%
1972ColourGeoffrey UnsworthCabaret
36%
1954Black-and-WhiteBoris KaufmanOn the Waterfront
36%
2000ColourPeter PauCrouching Tiger, Hidden Dragon
34%
1983ColourSven NykvistFanny and Alexander
34%
1991ColourRobert RichardsonJFK
33%
2003ColourRussell BoydMaster and Commander: The Far Side of the World
33%
2004ColourRobert RichardsonThe Aviator
33%
1957ColourJack HildyardThe Bridge on the River Kwai
33%
1967ColourBurnett GuffeyBonnie and Clyde
31%
ColourFreddie YoungDoctor Zhivago
31%
ColourHarry StradlingMy Fair Lady
31%
1927 / 1928Black-and-WhiteCharles Rosher and Karl StrussSunrise: A Song of Two Humans
31%
ColourTed MooreA Man for All Seasons
29%
2005ColourDion BeebeMemoirs of a Geisha
29%
1940Black-and-WhiteGeorge BarnesRebecca
29%
ColourAlfred Gilks and John AltonAn American in Paris
28%
ColourLionel LindonAround the World in 80 Days
28%
1969ColourConrad L. HallButch Cassidy and the Sundance Kid
28%
1973ColourSven NykvistCries and Whispers
28%
1978ColourNestor AlmendrosDays of Heaven
28%
1941Black-and-WhiteArthur C. MillerHow Green Was My Valley
28%
1981ColourVittorio StoraroReds
28%
1966Black-and-WhiteHaskell WexlerWho's Afraid of Virginia Woolf?
28%
1977ColourVilmos ZsigmondClose Encounters of the Third Kind
26%
1953Black-and-WhiteBurnett GuffeyFrom Here to Eternity
26%
ColourRussell MettySpartacus
26%
1994ColourJohn TollLegends of the Fall
24%
1986ColourChris MengesThe Mission
24%
1992ColourPhilippe RousselotA River Runs Through It
22%
1980ColourGeoffrey Unsworth and Ghislain CloquetTess
22%
1974ColourFred J. Koenekamp and Joseph F. BirocThe Towering Inferno
22%
ColourRobert BurksTo Catch a Thief
22%
ColourJack CardiffBlack Narcissus
21%
1976ColourHaskell WexlerBound for Glory
21%
1934Black-and-WhiteVictor MilnerCleopatra
21%
ColourLeon ShamroyCleopatra
21%
1963Black-and-WhiteJames Wong HoweHud
21%
1968ColourPasqualino De SantisRomeo and Juliet
21%
1970ColourFreddie YoungRyan's Daughter
21%
1931 / 1932Black-and-WhiteLee GarmesShanghai Express
21%
ColourLeon ShamroyThe Black Swan
21%
1984ColourChris MengesThe Killing Fields
21%
1989ColourFreddie FrancisGlory
19%
1942Black-and-WhiteJoseph RuttenbergMrs. Miniver
19%
1965Black-and-WhiteErnest LaszloShip of Fools
19%
1958Black-and-WhiteSam LeavittThe Defiant Ones
19%
ColourWinton Hoch and Archie StoutThe Quiet Man
19%
1955Black-and-WhiteJames Wong HoweThe Rose Tattoo
19%
1943Black-and-WhiteArthur C. MillerThe Song of Bernadette
19%
1971ColourOswald MorrisFiddler on the Roof
17%
ColourLeon ShamroyLeave Her to Heaven
17%
1930 / 1931Black-and-WhiteFloyd CrosbyTabu: A Story of the South Seas
17%
1959Black-and-WhiteWilliam C. MellorThe Diary of Anne Frank
17%
1937Black-and-WhiteKarl FreundThe Good Earth
17%
1961Black-and-WhiteEugen SchufftanThe Hustler
17%
1929 / 1930Black-and-WhiteJoseph T. Rucker and Willard Van der VeerWith Byrd at the South Pole
17%
1939Black-and-WhiteGregg TolandWuthering Heights
17%
1964Black-and-WhiteWalter LassallyZorba the Greek
17%
1946Black-and-WhiteArthur C. MillerAnna and the King of Siam
16%
ColourErnest Palmer and Ray RennahanBlood and Sand
16%
ColourJoseph A. Valentine, William V. Skall, and Winton HochJoan of Arc
16%
1944Black-and-WhiteJoseph LaShelleLaura
16%
1988ColourPeter BiziouMississippi Burning
16%
ColourHal Mohr and W. Howard GreenePhantom of the Opera
16%
ColourWinton HochShe Wore a Yellow Ribbon
16%
1956Black-and-WhiteJoseph RuttenbergSomebody Up There Likes Me
16%
1960Black-and-WhiteFreddie FrancisSons and Lovers
16%
1962Black-and-WhiteJean Bourgoin and Walter WottitzThe Longest Day
16%
1950Black-and-WhiteRobert KraskerThe Third Man
16%
ColourCharles Rosher, Leonard Smith, and Arthur E. ArlingThe Yearling
16%
ColourMilton R. KrasnerThree Coins in the Fountain
16%
1932 / 1933Black-and-WhiteCharles LangA Farewell to Arms
14%
1935Black-and-WhiteHal MohrA Midsummer Night's Dream
14%
1936Black-and-WhiteTony GaudioAnthony Adverse
14%
1951Black-and-WhiteWilliam C. MellorA Place in the Sun
14%
ColourW. Howard GreeneA Star is Born
14%
1947Black-and-WhiteGuy GreenGreat Expectations
14%
ColourRobert SurteesKing Solomon's Mines
14%
ColourLoyal GriggsShane
14%
ColourGeorges PérinalThe Thief of Baghdad
14%
ColourLeon ShamroyWilson
14%
1949Black-and-WhitePaul C. VogelBattleground
12%
ColourOliver T. Marsh and Allen DaveySweethearts
12%
1952Black-and-WhiteRobert SurteesThe Bad and the Beautiful
12%
ColourW. Howard Greene and Harold RossonThe Garden of Allah
12%
1938Black-and-WhiteJoseph RuttenbergThe Great Waltz
12%
1948Black-and-WhiteWilliam H. DanielsThe Naked City
12%
1945Black-and-WhiteHarry StradlingThe Picture of Dorian Gray
12%
1928 / 1929Black-and-WhiteClyde De VinnaWhite Shadows in the South Seas
10%

Score Distribution

Percentile by Number Answered

Percent of People with Each Score

Your Score History

You have not taken this quiz